00626nam a2200193Ia 4500008004100000020001400041050001400055245001700069245003200086245010300118260001500221260001800236260000900254300001600263300002000279300001000299999001900309952010400328170918s9999 xx 000 0 und d a553296981 bA613 1993 aAnne Frank : bthe diary of a young girl / ctranslated from the Dutch by B. M. Mooyaart-Doubleday ; with an introduction by Eleanor Roosevelt. aNew York : bBantam Books, c1993 a283 pages : billustrations ; c17cm. c343499d343499 001040aSSISMbSSISMd2017-09-18l0oFIC A613 1993pSSISM2571r2017-09-18 00:00:00w2017-09-18yBK